<?xml version="1.0" encoding="UTF-8"?>
<record
    xmlns:xsi="http://www.w3.org/2001/XMLSchema-instance"
    xsi:schemaLocation="http://www.loc.gov/MARC21/slim http://www.loc.gov/standards/marcxml/schema/MARC21slim.xsd"
    xmlns="http://www.loc.gov/MARC21/slim">

  <leader>00357nam a2200121Ia 4500</leader>
  <controlfield tag="005">20251013221644.0</controlfield>
  <controlfield tag="008">251010s9999    xx            000 0 und d</controlfield>
  <datafield tag="041" ind1=" " ind2=" ">
    <subfield code="a">mar</subfield>
  </datafield>
  <datafield tag="100" ind1=" " ind2=" ">
    <subfield code="a">&#x915;&#x94B;&#x915;&#x93E;&#x91F;&#x947;  &#x938;&#x93E;.</subfield>
    <subfield code="9">214061</subfield>
  </datafield>
  <datafield tag="245" ind1=" " ind2=" ">
    <subfield code="a">&#x936;&#x94D;&#x930;&#x940; &#x938;&#x93E;&#x930;&#x94D;&#x907;&#x928;&#x93E;&#x925; &#x91A;&#x930;&#x93F;&#x924;&#x94D;&#x930; &#x906;&#x923;&#x93F; &#x92D;&#x91C;&#x928;&#x947;</subfield>
  </datafield>
  <datafield tag="250" ind1=" " ind2=" ">
    <subfield code="a">1ST</subfield>
  </datafield>
  <datafield tag="260" ind1=" " ind2=" ">
    <subfield code="b">Central</subfield>
    <subfield code="c">1928</subfield>
  </datafield>
  <datafield tag="999" ind1=" " ind2=" ">
    <subfield code="c">368320</subfield>
    <subfield code="d">368320</subfield>
  </datafield>
  <datafield tag="952" ind1=" " ind2=" ">
    <subfield code="0">0</subfield>
    <subfield code="1">0</subfield>
    <subfield code="4">0</subfield>
    <subfield code="7">0</subfield>
    <subfield code="a">SSMM</subfield>
    <subfield code="b">SSMM</subfield>
    <subfield code="d">2014-05-06</subfield>
    <subfield code="g">40.00</subfield>
    <subfield code="i">5</subfield>
    <subfield code="l">0</subfield>
    <subfield code="p">SSMM-ABK-010000324</subfield>
    <subfield code="r">2025-10-13 22:16:44</subfield>
    <subfield code="w">1928-12-08</subfield>
    <subfield code="y">BK</subfield>
    <subfield code="z">ABK010000324</subfield>
  </datafield>
</record>
